000 00828nam a2200253 a 4500
001 71997
003 BD-RjUL
005 20211209082210.0
008 170511s1955 nyua|||| |||| 001 0 eng d
035 _a(BD-RjUL)72213
040 _aBD-RjUL
_beng
_cBD-RjUL
041 _aeng
082 _223
_a621.483
_bREA 1955
245 1 0 _aReactor handbook :
_bengineering /
_cContributors: Argonne National Laboratory ... [et. al.]
260 _aNew York :
_bMcGraw-Hill,
_c1955
300 _a[6], 1075 p. :
_bill. ;
_c27 cm
490 _aSelected reference material on atomic energy.
500 _aIncludes index
650 _aNuclear engineering
_9212949
650 _aNuclear reactors
_9212950
710 _aArgonne National Laboratory
_9158534
830 _aSelected reference material on atomic energy.
_9214225
942 _2ddc
_cBK
999 _c71997
_d71997